NBA Western Conference Playoff Rosters (2024) - Statistics

General Stats
  • This quiz has been taken 10 times
  • The average score is 44 of 107
Answer Stats
GP # Answer % Correct
12 15 Nikola Jokić
100%
10 2 Shai Gilgeous-Alexander
100%
16 5 Anthony Edwards
86%
10 8 Jalen Williams
86%
12 27 Jamal Murray
86%
6 1 James Harden
86%
10 6 Jaylin Williams
86%
16 32 Karl Anthony-Towns
86%
2 2 Kawhi Leonard
86%
7 34 Kenrich Williams
86%
5 23 LeBron James
86%
15 27 Rudy Gobert
86%
5 15 Austin Reaves
71%
10 7 Chet Holmgren
71%
4 1 Devin Booker
71%
4 23 Eric Gordon
71%
6 40 Ivica Zubac
71%
22 77 Luka Dončić
71%
6 13 Paul George
71%
22 25 P.J. Washington Jr.
71%
12 50 Aaron Gordon
57%
5 3 Anthony Davis
57%
10 22 Cason Wallace
57%
12 0 Christian Braun
57%
5 1 D'Angelo Russell
57%
22 21 Daniel Gafford
57%
21 2 Dereck Lively II
57%
22 55 Derrick Jones Jr.
57%
4 5 Hebert Jones
57%
16 3 Jaden McDaniels
57%
4 11 Jaxson Hayes
57%
10 3 Josh Giddey
57%
12 5 Kentavious Caldwell-Pope
57%
4 35 Kevin Durant
57%
22 11 Kyrie Irving
57%
10 5 Luguentz Dort
57%
12 1 Michael Porter Jr.
57%
15 10 Mike Conley
57%
5 28 Rui Hachimura
57%
4 25 Trey Murphy III
57%
4 3 Bradley Beal
43%
4 14 Brandon Ingram
43%
21 0 Dante Exum
43%
2 6 DeAndre Jordan
43%
13 7 Dwight Powell
43%
5 7 Gabe Vincent
43%
10 11 Isaiah Joe
43%
16 11 Naz Reid
43%
6 24 Normal Powell
43%
12 7 Reggie Jackson
43%
4 00 Royce O'Neale
43%
6 0 Russell Westbrook
43%
14 10 Tim Hardaway Jr.
43%
3 22 Zeke Nnaji
43%
10 21 Aaron Wiggins
29%
10 9 A.J. Lawson
29%
4 3 CJ McCollum
29%
7 33 Gordon Hayward
29%
2 8 Grayson Allen
29%
3 5 Hunter Tyson
29%
19 1 Jaden Hardy
29%
3 24 Jalen Pickett
29%
4 17 Jonas Valančiūnas
29%
4 15 Jose Alvarado
29%
22 8 Josh Green
29%
3 3 Julian Strawther
29%
4 20 Jusuf Nurkić
29%
3 21 Kobe Brown
29%
3 33 Leonard Miller
29%
1 88 Markieff Morris
29%
6 44 Mason Plumlee
29%
13 14 Maxi Kleber
29%
9 23 Monté Morris
29%
4 8 Naji Marshall
29%
16 9 Nickeil Alexander-Walker
29%
3 18 Olivier-Maxence Prosper
29%
10 8 Peyton Watson
29%
2 17 P.J. Tucker
29%
5 26 Spencer Dinwiddie
29%
6 14 Terrance Mann
29%
6 7 Amir Coffey
14%
3 11 Bol Bol
14%
3 5 Bones Hyland
14%
3 14 Drew Eubanks
14%
3 11 Dyson Daniels
14%
1 50 Jeremiah Robinson-Earl
14%
3 24 Jordan Hawkins
14%
6 6 Jordan McLaughlin
14%
5 8 Josh Minott
14%
4 2 Josh Okogie
14%
15 1 Kyle Anderson
14%
4 22 Larry Nance Jr.
14%
3 12 Lindy Waters III
14%
7 55 Luka Garza
14%
1 37 Matt Ryan
14%
4 25 Nassir Little
14%
4 13 Ousmane Dieng
14%
5 12 Taurean Prince
14%
1 30 Thaddeus Young
14%
3 4 Brandon Boston Jr.
0%
1 10 Daniel Theis
0%
2 21 David Roddy
0%
1 32 E.J. Liddell
0%
1 4 Isaiah Thomas
0%
12 9 Justin Holiday
0%
3 24 T.J. Warren
0%
6 7 Wendell Moore Jr.
0%
No matching quizzes found
Score Distribution
Percent of People with Each Score
Percentile by Number Answered
Your Score History
You have not taken this quiz